Normal view
MARC view
- Dr. Ishrat Jabeen
Entry Personal Name
001 - CONTROL NUMBER
- control field: 81481
003 - CONTROL NUMBER IDENTIFIER
- control field: NUST
005 - DATE AND TIME OF LATEST TRANSACTION
- control field: 20210812114851.0
008 - FIXED-LENGTH DATA ELEMENTS
- fixed length control field: 210812|| aca||aabn | a|a d
040 ## - CATALOGING SOURCE
- Original cataloging agency: NUST
- Transcribing agency: NUST
100 ## - HEADING--PERSONAL NAME
- Personal name: Dr. Ishrat Jabeen
670 ## - SOURCE DATA FOUND
- Source citation: Work cat.: (NUST): Aqsa Khalid 81480, Pharmacoinformatics Approaches for Target Fishing and Modulation of NOn-Small Cell Lung Carcinoma (NSCLC) /, 2021.
